000 00514nam a22001817a 4500
005 20251108171157.0
008 250721s2003 xx 000 0 ara d
082 1 4 _a371.9/يحي
100 1 _aيحيى، خولة أحمد
245 1 0 _aإرشاد أسر ذوي الإحتياجات الخاصة /
264 1 _aعمان :
_c2003.
300 _a184ص.
650 1 7 _aالتربية الخاصة
650 1 7 _aالمعوقون
650 1 7 _aرعاية المعوقون
942 _2ddc
_cBK
999 _c58562
_d58562